Diplomacia a diplomatická služba Ukrajiny

Historické formovanie diplomacie Ukrajiny. Jednotlivé historické obdobia a udalosti, ktoré by mohli ovplyvniť vývoj a stanovenie princípov a vlastnosti ukrajinskej diplomacie. Vládnutie Kyjevskej Rusi, vojensky útvar kozáckeho štátu, krátkodobá nezávislosť Ukrajinskej národnej republiky. Systém org...

Descrizione completa

Salvato in:
Dettagli Bibliografici
Autore principale: Kunychka, Mykhaylo, 1990-
Natura: Capitolo di libro
Lingua:slovacco
Soggetti:
Tags: Aggiungi Tag
Nessun Tag, puoi essere il primo ad aggiungerne!!

MARC

LEADER 00000nla a2200000 4500
001 0196181
005 20240502073316.7
041 0 |a slo 
044 |a SK 
245 1 0 |a Diplomacia a diplomatická služba Ukrajiny  |c Mykhaylo Kunychka 
520 |a Historické formovanie diplomacie Ukrajiny. Jednotlivé historické obdobia a udalosti, ktoré by mohli ovplyvniť vývoj a stanovenie princípov a vlastnosti ukrajinskej diplomacie. Vládnutie Kyjevskej Rusi, vojensky útvar kozáckeho štátu, krátkodobá nezávislosť Ukrajinskej národnej republiky. Systém orgánov diplomatickej služby Ukrajiny, a to najmä rezortu diplomacie. 
610 2 0 |a Ukrajina 
610 2 0 |a história 
610 2 0 |a vzťahy formálne 
610 2 0 |a vzťahy hospodárske vonkajšie 
610 2 0 |a diplomacia 
100 1 |a Kunychka, Mykhaylo, 1990-